|
|
|
|
| LEADER |
01183nam a2200217 i 4500 |
| 003 |
GR-PaULI |
| 005 |
20210117210853.0 |
| 008 |
190403s1987 gr a|||g b||| 001 0 gre d |
| 952 |
|
|
|0 0
|1 0
|2 ddc
|4 0
|6 780_920000000000000_ΒΑΣ
|7 0
|9 231223
|a THST
|b THST
|d 2019-04-03
|l 0
|o 780.92 ΒΑΣ
|p 025000013109
|r 2019-04-03 00:00:00
|t 1
|v 2019.00
|w 2019-04-03
|y BK15
|
| 999 |
|
|
|c 140460
|d 140460
|
| 040 |
|
|
|a GR-PaULI
|b gre
|c GR-PaULI
|e AACR2
|
| 082 |
0 |
4 |
|2 23
|a 780.92
|
| 100 |
1 |
|
|9 174978
|a Βασιλοπούλου, Μαίρη.
|e συγγραφέας
|
| 245 |
1 |
3 |
|a Οι συνθέτες και τα έργα τους :
|b γενική θεώρηση της εξέλιξης της μουσικής, η ζωή και το έργο των συνθετών /
|c [συγγραφή και επιμέλεια βιογραφικών κειμένων Μαίρη Βασιλοπούλου].
|
| 260 |
|
|
|a Αθήνα :
|b Νεοδίσκ,
|c 1987.
|
| 300 |
|
|
|a 264 σ. :
|b εικ. ;
|c 25 εκ.
|
| 650 |
|
4 |
|9 174913
|a Συνθέτες.
|
| 650 |
|
4 |
|9 5605
|a Μουσική
|x Συνθέτες
|
| 830 |
|
0 |
|9 174982
|a Κλασσική και παραδοσιακή μουσική (Νεοδισκ)
|
| 942 |
|
|
|2 ddc
|c BK15
|
| 998 |
|
|
|c ΜΑΝΙΑ
|d 2019-04
|